गुलाम बादशाह / (Record no. 112635)

MARC details
000 -LEADER
fixed length control field 01050nam a22002537a 4500
005 - DATE AND TIME OF LATEST TRANSACTION
control field 20170124102941.0
010 ## - LIBRARY OF CONGRESS CONTROL NUMBER
LC control number A-595442
020 ## - INTERNATIONAL STANDARD BOOK NUMBER
Terms of availability 75.00
International Standard Book Number 8185127379
035 ## - SYSTEM CONTROL NUMBER
System control number A-595442
037 ## - SOURCE OF ACQUISITION
Source of stock number/acquisition Cen Lib/Ret
040 ## - CATALOGING SOURCE
Original cataloging agency DPL
Language of cataloging HN
082 ## - DEWEY DECIMAL CLASSIFICATION NUMBER
Classification number 822
Item number आचार्य
100 ## - MAIN ENTRY--PERSONAL NAME
Personal name आचार्य, नंदकिशोर
9 (RLIN) 48516
245 ## - TITLE STATEMENT
Title गुलाम बादशाह /
Statement of responsibility, etc नंदकिशोर आचार्य
246 ## - VARYING FORM OF TITLE
Title proper/short title Gulam badshah /
Remainder of title by Nandkishor Aacharya
260 ## - PUBLICATION, DISTRIBUTION, ETC. (IMPRINT)
Place of publication, distribution, etc बीकानेर
Name of publisher, distributor, etc वाग्देवी प्रकाशन
Date of publication, distribution, etc 1992
270 ## - ADDRESS
Address सुगन निवास, चन्दन सागर
City बीकानेर
Postal code 334001
300 ## - PHYSICAL DESCRIPTION
Extent 112पृ.
Dimensions 19सेमी(सजिल्द)
650 ## - SUBJECT ADDED ENTRY--TOPICAL TERM
Topical term or geographic name as entry element हिंदी साहित्य
9 (RLIN) 48517
650 ## - SUBJECT ADDED ENTRY--TOPICAL TERM
Topical term or geographic name as entry element हिंदी साहित्य -- नाटक
9 (RLIN) 48518
650 ## - SUBJECT ADDED ENTRY--TOPICAL TERM
Topical term or geographic name as entry element Hindi literature
9 (RLIN) 48519
650 ## - SUBJECT ADDED ENTRY--TOPICAL TERM
Topical term or geographic name as entry element Hindi literature -- Drama
9 (RLIN) 48520
942 ## - ADDED ENTRY ELEMENTS (KOHA)
Source of classification or shelving scheme Dewey Decimal Classification
Koha item type Hindi Books
Classification part 822
Call number suffix आचार्य
Holdings
Withdrawn status Lost status Damaged status Not for loan Home library Current library Date acquired Source of acquisition Cost, normal purchase price Total Checkouts Full call number Barcode Date last seen Copy number Cost, replacement price Price effective from Koha item type
        Central Library Central Library 10/08/2015 Cen Lib/Ret 75.00   822 आचार्य A-595442 10/08/2015 1 75.00 10/08/2015 Hindi Books

© Delhi Public Library
Hit Counter
free hit counter